Good earths : (Record no. 19349)
[ view plain ]
| 000 -LEADER | |
|---|---|
| fixed length control field | 00662cam a2200229Ii 4500 |
| 020 ## - INTERNATIONAL STANDARD BOOK NUMBER | |
| ISBN | 9781920901356 |
| 020 ## - INTERNATIONAL STANDARD BOOK NUMBER | |
| ISBN | 9781920901356 |
| 020 ## - INTERNATIONAL STANDARD BOOK NUMBER | |
| ISBN | 1920901353 |
| 020 ## - INTERNATIONAL STANDARD BOOK NUMBER | |
| ISBN | 1920901353 |
| 040 ## - CATALOGING SOURCE | |
| Transcribing agency | AU@ |
| 082 04 - DEWEY DECIMAL CLASSIFICATION NUMBER | |
| Classification number | 363 VOI 1986 C166 Or. |
| 245 00 - TITLE STATEMENT | |
| Title | Good earths : |
| Remainder of title | regional and historical insights into China's environment / |
| 300 ## - PHYSICAL DESCRIPTION | |
| Number of Pages | xxv, 292 pages : |
| Other physical details | illustrations, maps ; |
| Dimensions | 24 cm |
| 490 0# - SERIES STATEMENT | |
| Series statement | Frontiers of Asia series |
| 490 0# - SERIES STATEMENT | |
| Series statement | Frontiers of Asia series |
| 650 #0 - SUBJECT ADDED ENTRY--TOPICAL TERM | |
| Topical Term | Environmental policy |
| 650 #0 - SUBJECT ADDED ENTRY--TOPICAL TERM | |
| Topical Term | Environmental health |
| 650 #0 - SUBJECT ADDED ENTRY--TOPICAL TERM | |
| Topical Term | Sustainable development |
| 700 1# - ADDED ENTRY--PERSONAL NAME | |
| Personal name | Abe, Ken-ichi |
| 700 1# - ADDED ENTRY--PERSONAL NAME | |
| Personal name | Nickum, James E |
| 942 ## - ADDED ENTRY ELEMENTS (KOHA) | |
| Koha item type | ADB |
| 952 ## - LOCATION AND ITEM INFORMATION (KOHA) | |
| Withdrawn status [LOCAL, KOHA] | 0 |
| Source of acquisition | Permanent Location | Date acquired | Koha item type | Lost status | Shelving location | Current Location | Full call number |
|---|---|---|---|---|---|---|---|
| A33609 | Library Block C | 2020-09-28 | សៀវភៅភាសាអង់គ្លេស | C165 | Library Block C | 363 VOI 1986 C166 Or. |